| 000 -LEADER |
| fixed length control field |
01741nam a22001577a 4500 |
| 008 - FIXED-LENGTH DATA ELEMENTS--GENERAL INFORMATION |
| fixed length control field |
230303b ||||| |||| 00| 0 eng d |
| 100 ## - MAIN ENTRY--PERSONAL NAME |
| Personal name |
Narang, R.K. |
| 245 ## - TITLE STATEMENT |
| Title |
‘Anusandhan’-led ‘Atmanirbhar’ UAS industry in India |
| 260 ## - PUBLICATION, DISTRIBUTION, ETC. (IMPRINT) |
| Place of publication, distribution, etc |
Journal of Defense Studies |
| 300 ## - PHYSICAL DESCRIPTION |
| Extent |
16(4), Oct-Dec, 2022: p.50-86 |
| 520 ## - SUMMARY, ETC. |
| Summary, etc |
Policy and technology initiatives are important pillars for building high-value, high-technology industries. Information technology and automobile industries, despite their contribution to Indian economy, have remained relatively low-value industries as maximum profits go to foreign companies. The Indian unmanned aircraft systems (UAS) industry, led by start-ups and micro, small and medium enterprises (MSMEs), has the potential to change the trajectory and become intellectual property-led high-value industry. The Drone Rules, 2021, notified on 25 August, has set into motion a series of policy reforms, providing muchneeded stimulus to the Indian UAS industry. India is aiming to become a global drone hub by 2030; however, its UAS manufacturing industry faces certain challenges and policy implementation contradictions. An examination of technological initiatives taken by global leaders in UAS technologies and lack of corresponding initiatives in India indicates significant technological gaps. Therefore, ‘anusandhan’ (research) becomes an important pillar for covering these gaps and building a selfreliant high-technology, high-value globally competitive UAS industry in India. – Reproduced |
| 650 ## - SUBJECT ADDED ENTRY--TOPICAL TERM |
| Topical term or geographic name as entry element |
Amrit Kaal, Anusandhan (research), Atmarnirbhar (selfreliant), Drone Hub-2030, India, UAS. |
| 9 (RLIN) |
36370 |
| 773 ## - HOST ITEM ENTRY |
| Main entry heading |
Journal of Defense Studies |
| 906 ## - LOCAL DATA ELEMENT F, LDF (RLIN) |
| Subject DIP |
RESEARCH |
| 942 ## - ADDED ENTRY ELEMENTS (KOHA) |
| Item type |
Articles |